| 000 | 00810nam a22002057a 4500 | ||
|---|---|---|---|
| 999 |
_c2291 _d2291 |
||
| 003 | AR-CdUCM | ||
| 008 | 190304b ||||| |||| 00| 0 spa d | ||
| 040 |
_aMUNICIPALIDAD PROVINCIAL DEL CUSCO _cBIBLIOTECA MUNICIPAL DEL CUSCO |
||
| 082 |
_a338.927 / _bF64 |
||
| 100 |
_aFlores Guevara, Gustavo _93659 |
||
| 245 |
_aDesarrollo tecnológico : _bPerú América Latina Grupo Andino / |
||
| 260 |
_aLima : _bTarea asociación gráfica, _c1989 |
||
| 300 |
_a198 páginas ; _c20 cm. |
||
| 505 | _aPerú -- Creatividad y desarrollo -- Desarrollo tecnológico nacional -- Grupo andino -- El contenido educativo en el desarrollo tecnológico del grupo andino... | ||
| 650 |
_aDesarrollo económico. _91696 |
||
| 650 |
_aPerú. _935 |
||
| 650 |
_aGrupo andino. _98274 |
||
| 942 |
_2ddc _cLIBROS |
||
| 945 |
_awfj _d2019-03-04 |
||